000 00622cam a2200253 a 4500
999 _c8112
_d8112
001 8112
003 BD-JhCC
005 20191214130830.0
008 860225s1978 enk | |||| ||eng||
020 _a0718214595
035 _a(BD-JhCC)8112
040 _aBD-JhCC
_dBD-JhCC
041 _aeng
082 _bDAV 1978
_a796.345
100 1 _aDavis, Pat,
_d1915-
245 1 0 _aBetter badminton /
_cby Pat Davis.
250 _aRevised ed.
260 _aLondon :
_bKaye and Ward,
_c1978.
300 _a96p ;
_c23cm.
500 _aPrevious ed.: 1973.
650 0 _aBadminton (Game)
942 _2ddc
_cBK